=LDR 00000nam 2200000 4500 =001 INLIS000000000000716 =005 20130612085141 =008 ***********************************Ind** =035 ##$$0010-061300000000716 =041 ##$$a Ind =082 ##$$a 581.65 =090 ##$$a 581.65, Pit-b =100 ##$$a Pitojo, Setijo =245 ##$$a Benalu hortikultura pengendalian dan pemanfaatan, Setijo Pitojo =260 ##$$a 1996 $b Ungaran =300 ##$$a vii, 70 hlm, ilus, 21 cm =650 ##$$a Tanaman Pengganggu =850 ##$$a NBPNMAT